01826nam a2200409 a 4500001001200000003000800012005001700020006001900037007001500056008004100071010001700112015001900129016001800148020003100166020002800197040002100225035002100246050002400267082002300291100001700314245016000331260007700491300002500568490005400593504006600647533015200713600005100865600005800916600005900974650006101033650006001094650003001154655002901184710001701213830005501230856013101285ebr10233644CaPaEBR20251021234411.0m u cr cn|||||||||050801s2005 enk fsb 001 0 eng  z 2005299437 aGBA5087662bnb7 z0130993542Uk z9780199277766 (alk. paper) z0199277761 (alk. paper) aCaPaEBRcCaPaEBR a(OCoLC)64675270614aPT405b.M356 2005eb04a830.9/928709042221 aMarven, Lyn.10aBody and narrative in contemporary literatures in Germanh[electronic resource] :bHerta Müller, Libuše Moníková, and Kerstin Hensel /cLyn Marven. aOxford :bClarendon Press ;aNew York :bOxford University Press,c2005. axi, 282 p. ;c23 cm.1 aOxford modern languages and literature monographs aIncludes bibliographical references (p. [253]-273) and index. aElectronic reproduction.bPalo Alto, Calif. :cebrary,d2009.nAvailable via World Wide Web.nAccess may be limited to ebrary affiliated libraries.10aMüller, HertaxCriticism and interpretation.10aMoníková, LibušexCriticism and interpretation.10aHensel, Kerstin,d1961-xCriticism and interpretation. 0aGerman literaturexWomen authorsxHistory and criticism. 0aGerman literaturey20th centuryxHistory and criticism. 0aHuman body in literature. 7aElectronic books.2local2 aebrary, Inc. 0aOxford modern languages and literature monographs.40uhttp://site.ebrary.com/lib/strathmore/Doc?id=10233644zAn electronic book accessible through the World Wide Web; click to view